| 000 | 01099cam a22003257a 4500 | ||
|---|---|---|---|
| 003 | CHAP | ||
| 005 | 20220817042147.0 | ||
| 008 | 971013s1927 mx a r 00010 spa d | ||
| 010 | _a36383 | ||
| 011 | _a37355 | ||
| 035 | _a41475 | ||
| 040 | _cCHAP | ||
| 090 | _aFolleto 3529 | ||
| 110 | 2 | _aMéxico. Dirección de Agricultura y Ganadería | |
| 245 | 1 | 0 | _aBreves instrucciones a los ganaderos para la campaña contra piroplasmosis bovina |
| 260 |
_a(México, D.F.) : _bDirección de Agricultura y Ganadería, _c1927 |
||
| 300 |
_a11 p. _b; gráfs. : ilus |
||
| 410 | 0 | 0 | _aMéxico.Dirección de Agricultura y Ganadería |
| 490 | 0 | _aBoletín | |
| 590 |
_aBATCH-UPD _b10 _c20130110 _lUCH01 _h1703 |
||
| 590 |
_aBATCH-UPD _b10 _c20130410 _lUCH01 _h1050 |
||
| 590 |
_aBATCH-UPD _b10 _c20130914 _lUCH01 _h0650 |
||
| 590 |
_aCONVERSION _b10 _c20130109 _lUCH01 _h1320 |
||
| 650 | 1 | 4 |
_aPiroplasmosis bovina. _988521 |
| 810 | 0 | 0 | _aMéxico.Dirección de Agricultura y Ganadería |
| 830 | 0 |
_aBoletín _913507 |
|
| 901 | _aBK | ||
| 942 | _cFOLL | ||
| 949 |
_aFolleto 3529 _bBC _cFOLL _d-95085 _eTS1 _i41475 _mD _si |
||
| 999 |
_c36383 _d36383 |
||